Ejercicios negativos : (Registro nro. 11305)

Detalles MARC
000 -LIDER
fixed length control field 00983nam a22002897a 4500
001 - NÚMERO DE CONTROL
Identificador de número de control 000468
003 - IDENTIFICACDOR DE NÚMERO DE CONTROL
control field DO-SdBNP
005 - DATE AND TIME OF LATEST TRANSACTION
control field 20171108133354.0
007 - CAMPOS FIJOS DE DESCRIPCIÓN FÍSICA
fixed length control field 000468
008 - ELEMENTOS DE LONGITUD FIJA
fixed length control field 160905b 2007 sp ||||| |||| 00| 0 spa d
020 ## - ISBN
International Standard Book Number 9788430606429
040 ## - FUENTE DE CATALOGACIÓN
Agencia que crea de manera original el registro BPMSU
Idioma de catalogación spa
Agencia que realiza la transcripción BPMSU
082 #4 - NÚMERO DE CLASIFICACIÓN DECIMAL DE DEWEY
Classification number 190
Item number C576e
100 1# - ASIENTO PRINCIPAL -- NOMBRE PERSONAL
Nombre personal Cioran, E. M.,
Fechas asociadas con el nombre 1911-1995.
240 10 - TITULO UNIFORME
Título uniforme Exercices négatifs
Idioma de una obra Español
245 10 - MENCIÓN DE TITULO
Título Ejercicios negativos :
Subtítulo marginalia al breviario de podredumbre /
Mención de responsabilidad E. M. Cioran ; edición posfacio y notas de Ingrid Astier ; traducción de Alicia Martorell.
260 ## - PUBLICACIÓN, DISTRIBUCIÓN, ETC. (PIE DE IMPRENTA)
Lugar de publicación, distribución, etc Madrid :
Nombre del editor, distribuidor, etc. Taurus,
Fecha de publicación, distribución, etc 2007.
300 ## - DESCRIPCIÓN FÍSICA
Extensión 231 p. ;
Dimensiones 21 cm.
490 1# - MENCIÓN DE SERIES
Mención de serie Pensamiento
500 ## - NOTA GENERAL
Nota general Incluye datos biográficos del autor en la solapa de la cubierta.
650 #4 - ENCABEZAMIENTO DE MATERIA--TEMÁTICO
Término temático o nombre geográfico como elemento de entrada FILOSOFÍA
Subdivisión temática general ENSAYOS FRANCESES
830 #0 - ASIENTO SECUNDARIO DE SERIE--TÍTULO UNIFORME
Título uniforme Pensamiento
910 ## - VALIDACIÓN
Validación Validado. Control de calidad MFF
942 ## - ADDED ENTRY ELEMENTS (KOHA)
Source of classification or shelving scheme Dewey Decimal Classification
Koha item type Libros
945 ## - INFORMACIÓN DE PROCESAMIENTO LOCAL
Información de procesamiento local Inventariado, 2017/MFF
956 ## - LOCAL ELECTRONIC LOCATION AND ACCESS (OCLC)
Método de acceso LOPEREZ
Materiales especificados 10
Enlace 20160905
Campo enlazado y núm. de secuencia BPMSU
Nombre de host 00041
Existencias
Withdrawn status Lost status Source of classification or shelving scheme Damaged status Not for loan Collection code Home library Current library Date acquired Source of acquisition Total Checkouts Full call number Barcode Date last seen Price effective from Koha item type Copy number
    Dewey Decimal Classification     Colección General Biblioteca Pública Metropolitana Salomé Ureña Biblioteca Pública Metropolitana Salomé Ureña 09/05/2016 Alfaguara   190 C576e BPMSU16090112 09/05/2016 09/05/2016 Libros  
    Dewey Decimal Classification     Colección General Biblioteca Pública Metropolitana Salomé Ureña Biblioteca Pública Metropolitana Salomé Ureña 09/05/2016 Alfaguara   190 C576e BPMSU16090113 09/05/2016 09/05/2016 Libros e.2
    Dewey Decimal Classification     Colección General Biblioteca Pública Metropolitana Salomé Ureña Biblioteca Pública Metropolitana Salomé Ureña 09/05/2016 Alfaguara   190 C576e BPMSU16090114 09/05/2016 09/05/2016 Libros e.3